书目信息 |
| 题名: |
搬运
|
|
| 作者: | ;周达 译 ;日本搬运专业考察团 著 | |
| 分册: | 二 | |
| 出版信息: | 北京 机械工业出版社 1965 |
|
| 页数: | 185页 | |
| 开本: | 21cm | |
| 丛书名: | ||
| 单 册: | ||
| 中图分类: | TH2 | |
| 科图分类: | ||
| 主题词: | 运输机械--考察报告 , 起重机械 , 运输机械 | |
| 电子资源: | ||
| ISBN: | ||
| 000 | 00767nam0 2200277 45 981 | |
| 001 | 0654809446 | |
| 005 | 20060731151417.65 | |
| 010 | @dCNY0.58 | |
| 091 | @a15033.4077 | |
| 100 | @a19981014d1965 em y0chiy0121 ea | |
| 101 | 1 | @achi@cjpn |
| 102 | @aCN@b110000 | |
| 105 | @ay p 000yy | |
| 106 | @ar | |
| 200 | 10 | @a搬运@e日本搬运专业考察团报告书@h二@Aban yun@f日本搬运专业考察团著@g周达译 |
| 210 | @a北京@c机械工业出版社@d1965 | |
| 215 | @a185页@d21cm | |
| 517 | 1 | @a日本搬运专业考察团报告书 |
| 606 | @a运输机械@x考察报告 | |
| 606 | 0 | @a起重机械 |
| 606 | 0 | @a运输机械 |
| 690 | @aTH2@v3 | |
| 702 | 0 | @a周达@4译@Azhou da |
| 711 | 02 | @a日本搬运专业考察团@4著@Ari ben ban yun zhuan ye kao cha tuan |
| 801 | 0 | @c20060731 |
| 905 | @a10447@dTH2@e4:2 | |
| 搬运:日本搬运专业考察团报告书.二/日本搬运专业考察团著/周达译 .-北京:机械工业出版社,1965 |
| 185页;21cm |
| ISBN :CNY0.58 |
| ● |
| 相关链接 |
|
|
|
|
正题名:搬运
索取号:TH2/4:2
 
预约/预借
| 序号 | 登录号 | 条形码 | 馆藏地/架位号 | 状态 | 备注 |
| 1 | 0439164 | 204391648 | 密集书库/ [索取号:TH2/4:2] | 在馆 |